Chinois célèbres par images - Statistiques

Statistiques générales
  • Ce quiz a été pris 151 fois
  • Le résultat moyen est 5 sur 16
Statistiques - réponses
Par images Réponse % Correct
Jackie Chan
87%
Jack Ma
84%
Mao Zedong
77%
Xi Jinping
73%
Confucius
56%
Yao Ming
42%
Lao Tseu
19%
Puyi
14%
Tenzin Gyatso
13%
Tchang Kaï-chek
8%
Cixi
6%
Liu Xiang
5%
Qin Shi Huang
4%
Zhang Ziyi
4%
Cai Lun
0%
Zhang Yiming
0%
Aucun quiz correspondant
Distribution des résultats
% des personnes avec chaque résultat
Percentile par nombre de réponses
Votre historique - résultats
Vous n’avez pas pris ce quiz